000 00783nam a2200253 i 4500
001 18215
003 ES-MaACL
005 20250604062530.0
007 t|
008 010827s2001 sp f |||| | spa d
020 _a84-270-2668-4
080 _a329(460)(091)
080 _a946.0"18/19"
100 1 _aClemente, Josep Carles.
_939196
245 1 0 _aCrónica de los carlistas
_b: la causa de los legitimistas españoles /
_cJosep Carles Clemente.
250 _a1ª ed.
260 _aBarcelona :
_bMartínez Roca,
_c2001.
300 _a254 p., [16] p. de lám. ;
_c25 cm.
650 1 4 _aCarlismo-
_xHistoria.
_910782
651 7 _aEspaña-
_xHistoria-
_yS.XIX
_2
_9142005
651 4 _aEspaña-
_xHistoria-
_yS.XX.
_9138832
852 _aES-MaACL
_jL-24902
999 _c18215
_d18215